000 00667nam a2200229 i 4500
001 83490
003 ES-MaACL
005 20231021062531.0
007 t|
008 041117s1986 sp ||||1| spa d
020 _a84-7223-227-1
100 1 _aIrving, John.
_965505
245 1 3 _aEl mundo según Garp /
_cJohn Irving ; traducción de Iris Menéndez.
250 _a1ª ed.
260 _aBarcelona :
_bTusquets,
_c1986.
300 _a510 p. ;
_c21 cm.
490 1 _aColección Andanzas ;
_v27
700 1 _aMenéndez, Iris.
_980287
830 0 0 _aColección Andanzas
_v27
_9234359
852 _aES-MaACL
_jL-10089
_bR.111765
999 _c83490
_d83490